01874 am a2200445 a 450000500170000000800410001702000150005804100080007324500460008125000970012726000390022430000200026350000920028365300280037565300450040365300140044865300520046265300660051465300470058065300790062765300660070665300580077265300570083065300160088765300300090365300210093365300240095465300140097865300760099265300290106865300340109765300540113165300550118565300650124065300370130570000220134270000200136470000220138470000220140620240214110740.0100824s1997||||mx a f |||| 001 0 spa d a9684267568 aspa aBioquímica de Harper.cRobert K. Murray a14a ed. en español de la 24a ed. en inglésbTraducción Javier Eduardo Gómez Saborio. aMéxico: bManual Moderno;c1997. a1021 p.c26 cm. aMurray, R. et al. (1997). Bioquímica de Harper. (14a ed.). México : Manual Moderno. aBioquímica y medicina aBiomoléculas y métodos bioquímicos aAgua y pH aEstructura y funciones de proteínas y enzimas aBioenergética y el metabolismo de carbohidratos y lípidos aMetabolismo de proteínas y aminoácidos aEstructura, función y replicación de las macromoléculas informativas aBioquímica de la comunicación extracelular e intracelular aEstructura y función de las vitaminas hidrosolubles aEstructura y función de las vitaminas liposolubles aNutrición aDigestión y absorción aGlucoproteínas aMatriz extracelular aMúsculo aProteínas plasmáticas, inmunoglobulinas y coagulación sanguínea aEritrocitos y leucocitos aMetabolismo de xenobióticos aCáncer, oncogénesis y factores de crecimiento aBases bioquímicas y genéticas de la enfermedad aBases bioquímicas de algunos trastornos neuropsiquiatricos aHistorias de casos bioquímicos1 aMurray, Robert K.1 aMayes, Peter A.1 aGranner, Daryl K.1 aRodwel, Victor W.